000 00244nam a2200097Ia 4500
008 190216s9999||||xx |||||||||||||| ||und||
100 _aVenkita Subramanian
245 0 _aSangeetha Shashthra Praveshika
260 _bKerala Basha Inst
942 _cBK
999 _c37693
_d37693